[Event "Montcalm VI 2008-09"]
[Site "Quebec CAN"]
[Date "2009.03.26"]
[Round "1"]
[White "Caire, Francois"]
[Black "Caron, Sebastien"]
[Result "1-0"]
[WhiteElo "2229"]
[BlackElo "1984"]
[PlyCount "71"]
[GameId "2160767910223033"]
[EventDate "2009.03.26"]
[EventType "swiss"]
[EventRounds "5"]
[EventCountry "CAN"]
[SourceTitle "EXT 2011"]
[Source "ChessBase"]
[SourceDate "2011.11.26"]
[SourceVersion "1"]
[SourceVersionDate "2011.11.26"]
[SourceQuality "1"]

1. d4 e6 2. Nf3 d5 3. c4 Nf6 4. g3 c6 5. Bg2 Bd6 6. O-O O-O 7. Nc3 Nbd7 8. Qd3 a6 9. e4 dxe4 10. Nxe4 Nxe4 11. Qxe4 Nf6 12. Qe2 h6 13. b3 Qe7 14. Bb2 Re8 15. Ne5 Bd7 16. Rad1 Rac8 17. g4 Red8 18. f4 Nh7 19. Rd3 f6 20. Nxd7 Qxd7 21. d5 exd5 22. cxd5 Rc7 23. Kh1 cxd5 24. Rxd5 Qe7 25. Qd3 Rcd7 26. Be4 g6 27. Bxg6 Bc7 28. Rxd7 Rxd7 29. Qc4+ Kg7 30. Bxh7 Kxh7 31. Qc2+ Kg8 32. Qg6+ Qg7 33. Qe8+ Kh7 34. Bxf6 Qf7 35. Qh8+ Kg6 36. f5# 1-0

[Event "Montcalm VI 2008-09"]
[Site "Quebec CAN"]
[Date "2009.03.26"]
[Round "1"]
[White "Drolet, Stephane"]
[Black "Cournoyer, Dominic"]
[Result "1/2-1/2"]
[WhiteElo "2141"]
[BlackElo "1974"]
[PlyCount "136"]
[GameId "2160767910223034"]
[EventDate "2009.03.26"]
[EventType "swiss"]
[EventRounds "5"]
[EventCountry "CAN"]
[SourceTitle "EXT 2011"]
[Source "ChessBase"]
[SourceDate "2011.11.26"]
[SourceVersion "1"]
[SourceVersionDate "2011.11.26"]
[SourceQuality "1"]

1. d4 f5 2. Nf3 Nf6 3. g3 g6 4. Bg2 Bg7 5. O-O O-O 6. c3 d6 7. Qb3+ d5 8. c4 c6 9. Nc3 e6 10. Bf4 b6 11. Rac1 Na6 12. Ne5 Bb7 13. Qa4 c5 14. cxd5 cxd4 15. Qxd4 Bxd5 16. Nxd5 Nxd5 17. Bxd5 Qxd5 18. Qxd5 exd5 19. Nd3 Rfe8 20. Rfe1 Rac8 21. Kf1 Nc5 22. Nxc5 Rxc5 23. Rxc5 bxc5 24. b3 Kf7 25. Rc1 Rc8 26. Be3 d4 27. Bf4 Ke6 28. Rc4 Be5 29. Bc1 Rc6 30. Ra4 a6 31. Rc4 Kd5 32. Ke1 h5 33. Bg5 Bc7 34. Bd2 Bd8 35. h4 Bc7 36. Kd1 Re6 37. e3 Be5 38. exd4 Bxd4 39. Be1 Kc6 40. Rc2 Kd5 41. Ba5 Rc6 42. Be1 c4 43. b4 Rb6 44. a3 Re6 45. Bc3 Bxc3 46. Rxc3 Kd4 47. Rf3 c3 48. a4 Kc4 49. b5 axb5 50. axb5 Rb6 51. Kc2 Rxb5 52. Rxc3+ Kd5 53. Kd3 Rb2 54. Ke3 Ke6 55. Rc6+ Kf7 56. Rc4 Rb6 57. f3 Kf6 58. Kf4 Ra6 59. Rc3 Ra4+ 60. Ke3 Ra6 61. Rc4 Ra3+ 62. Kf4 Ra6 63. g4 fxg4 64. fxg4 hxg4 65. Kxg4 Kg7 66. Rc5 Ra1 67. Rc7+ Kh6 68. Rc5 Ra4+ 1/2-1/2

[Event "Montcalm VI 2008-09"]
[Site "Quebec CAN"]
[Date "2009.03.26"]
[Round "1"]
[White "Perron, Jonathan"]
[Black "Auger, Bertrand"]
[Result "1/2-1/2"]
[WhiteElo "1949"]
[BlackElo "1976"]
[PlyCount "89"]
[GameId "2160767910223035"]
[EventDate "2009.03.26"]
[EventType "swiss"]
[EventRounds "5"]
[EventCountry "CAN"]
[SourceTitle "EXT 2011"]
[Source "ChessBase"]
[SourceDate "2011.11.26"]
[SourceVersion "1"]
[SourceVersionDate "2011.11.26"]
[SourceQuality "1"]

1. e4 e6 2. d4 d5 3. Nd2 dxe4 4. Nxe4 Bd7 5. Nf3 Bc6 6. Bd3 Nd7 7. O-O Ngf6 8. Ng3 Be7 9. Re1 O-O 10. Qe2 Bxf3 11. Qxf3 c6 12. c3 Bd6 13. Ne4 Nxe4 14. Qxe4 Nf6 15. Qh4 g6 16. Bg5 Be7 17. Re5 Re8 18. f4 Nd7 19. Re3 Bxg5 20. fxg5 Nf8 21. Rf1 Qc7 22. Qf2 Rad8 23. h4 Rd7 24. h5 gxh5 25. Qh4 e5 26. Qxh5 e4 27. Rxe4 Rxe4 28. Bxe4 Qg3 29. Bc2 Re7 30. Bb3 Qe3+ 31. Kh1 Ne6 32. Bxe6 Qxe6 33. Qh4 Qe2 34. Qf2 Qh5+ 35. Kg1 Qxg5 36. Qf4 Qg6 37. Rf3 Re4 38. Qb8+ Kg7 39. Rg3 Rg4 40. Qe5+ Kg8 41. Kh2 Qh6+ 42. Kg1 Qc1+ 43. Kh2 Qh6+ 44. Kg1 Qc1+ 45. Kh2 1/2-1/2

[Event "Montcalm VI 2008-09"]
[Site "Quebec CAN"]
[Date "2009.03.26"]
[Round "1"]
[White "Sauve, Richard"]
[Black "Dube, Daniel"]
[Result "1-0"]
[WhiteElo "1941"]
[BlackElo "1718"]
[PlyCount "119"]
[GameId "2160767910223036"]
[EventDate "2009.03.26"]
[EventType "swiss"]
[EventRounds "5"]
[EventCountry "CAN"]
[SourceTitle "EXT 2011"]
[Source "ChessBase"]
[SourceDate "2011.11.26"]
[SourceVersion "1"]
[SourceVersionDate "2011.11.26"]
[SourceQuality "1"]

1. d4 d5 2. c4 c6 3. e3 Nf6 4. Nc3 e6 5. Nf3 Nbd7 6. Bd3 dxc4 7. Bxc4 b5 8. Bd3 a6 9. O-O Bb7 10. e4 c5 11. e5 cxd4 12. Nxb5 axb5 13. exf6 Qb6 14. fxg7 Bxg7 15. Bf4 Nc5 16. Be5 Bxe5 17. Nxe5 Nxd3 18. Qxd3 Qc5 19. Rfe1 Qd5 20. f3 Ke7 21. a3 f6 22. Ng4 h5 23. Nf2 Rag8 24. Kf1 Qc4 25. Rac1 Qxd3+ 26. Nxd3 Rc8 27. Nf4 Rxc1 28. Rxc1 Rc8 29. Rxc8 Bxc8 30. Nxh5 f5 31. Nf4 e5 32. Ne2 Be6 33. Ke1 Bd5 34. Kd2 Kd6 35. Ng3 Ke6 36. Kd3 Bc4+ 37. Kc2 f4 38. Ne4 Bf1 39. g4 fxg3 40. hxg3 Kd5 41. b3 Be2 42. Nd2 Ke6 43. a4 bxa4 44. bxa4 Kf5 45. a5 Ke6 46. Kb3 Kd5 47. Kb4 Bd3 48. g4 Be2 49. g5 Ke6 50. Kc5 Kf5 51. Kd6 Bd3 52. g6 Kxg6 53. Kxe5 Kg5 54. Kxd4 Ba6 55. Ke5 Kg6 56. f4 Kf7 57. f5 Bc8 58. f6 Be6 59. Ne4 Bc4 60. Nd6+ 1-0

[Event "Montcalm VI 2008-09"]
[Site "Quebec CAN"]
[Date "2009.04.02"]
[Round "2"]
[White "Caire, Francois"]
[Black "Drolet, Stephane"]
[Result "1-0"]
[WhiteElo "2229"]
[BlackElo "2141"]
[PlyCount "65"]
[GameId "2160767910223037"]
[EventDate "2009.03.26"]
[EventType "swiss"]
[EventRounds "5"]
[EventCountry "CAN"]
[SourceTitle "EXT 2011"]
[Source "ChessBase"]
[SourceDate "2011.11.26"]
[SourceVersion "1"]
[SourceVersionDate "2011.11.26"]
[SourceQuality "1"]

1. d4 d5 2. Nf3 Bf5 3. c4 c6 4. Nc3 e6 5. Bf4 Nf6 6. Qb3 Qb6 7. c5 Qxb3 8. axb3 Na6 9. Rxa6 bxa6 10. e3 Nh5 11. Bc7 Rc8 12. Ba5 Rb8 13. b4 f6 14. h3 g5 15. g4 Be4 16. Nxe4 dxe4 17. Nd2 Ng7 18. Nxe4 Be7 19. Bxa6 Kd7 20. Ke2 h5 21. Rd1 hxg4 22. hxg4 Ne8 23. Nc3 Nc7 24. Bxc7 Kxc7 25. b5 Rh4 26. e4 Rxg4 27. b4 Bf8 28. d5 exd5 29. exd5 Re8+ 30. Kf1 Rxb4 31. dxc6 Rb2 32. Rd7+ Kb8 33. c7+ 1-0

[Event "Montcalm VI 2008-09"]
[Site "Quebec CAN"]
[Date "2009.04.02"]
[Round "2"]
[White "Caron, Sebastien"]
[Black "Auger, Bertrand"]
[Result "1/2-1/2"]
[WhiteElo "1984"]
[BlackElo "1976"]
[PlyCount "78"]
[GameId "2160767910223038"]
[EventDate "2009.03.26"]
[EventType "swiss"]
[EventRounds "5"]
[EventCountry "CAN"]
[SourceTitle "EXT 2011"]
[Source "ChessBase"]
[SourceDate "2011.11.26"]
[SourceVersion "1"]
[SourceVersionDate "2011.11.26"]
[SourceQuality "1"]

1. e4 e6 2. d4 d5 3. Nc3 Bb4 4. e5 c5 5. a3 Bxc3+ 6. bxc3 Qa5 7. Bd2 Qa4 8. Qb1 c4 9. Ra2 Nc6 10. Ne2 Nge7 11. g3 h6 12. Bh3 f6 13. f4 fxe5 14. fxe5 O-O 15. Nf4 Qa6 16. Bxe6+ Bxe6 17. Nxe6 Nxe5 18. Nxf8 Nf3+ 19. Ke2 Rxf8 20. Bf4 Nh4 21. Rf1 Qe6+ 22. Kd2 Ng2 23. Be5 Nf5 24. Kc1 Nge3 25. Re1 b6 26. Kb2 Qg6 27. Qc1 Ng4 28. Qd2 Nd6 29. Bxd6 Qxd6 30. Raa1 Qd7 31. Re2 Qb5+ 32. Ka2 Rf3 33. Rb1 Qa4 34. Rb4 Qd7 35. Qe1 Qf5 36. Rb1 Nf6 37. Re3 Rf2 38. Re2 Rf3 39. Re3 Rf2 1/2-1/2

[Event "Montcalm VI 2008-09"]
[Site "Quebec CAN"]
[Date "2009.04.02"]
[Round "2"]
[White "Cournoyer, Dominic"]
[Black "Perron, Jonathan"]
[Result "0-1"]
[WhiteElo "1974"]
[BlackElo "1949"]
[PlyCount "46"]
[GameId "2160767910223039"]
[EventDate "2009.03.26"]
[EventType "swiss"]
[EventRounds "5"]
[EventCountry "CAN"]
[SourceTitle "EXT 2011"]
[Source "ChessBase"]
[SourceDate "2011.11.26"]
[SourceVersion "1"]
[SourceVersionDate "2011.11.26"]
[SourceQuality "1"]

1. c4 e5 2. Nc3 Nf6 3. Nf3 Nc6 4. g3 Bc5 5. Bg2 d6 6. O-O O-O 7. Na4 Bf5 8. Nxc5 dxc5 9. d3 h6 10. b3 Qd7 11. Bb2 Rfe8 12. Re1 Rad8 13. Qc1 b6 14. Qc3 Bh3 15. Bh1 Ng4 16. Nh4 Nd4 17. Nf3 Qf5 18. Ba3 e4 19. dxe4 Rxe4 20. b4 cxb4 21. Bxb4 Nxe2+ 22. Rxe2 Rxe2 23. c5 a5 0-1

[Event "Montcalm VI 2008-09"]
[Site "Quebec CAN"]
[Date "2009.04.02"]
[Round "2"]
[White "Sauve, Richard"]
[Black "Bourassa, Andre"]
[Result "1-0"]
[WhiteElo "1941"]
[BlackElo "1767"]
[PlyCount "69"]
[GameId "2160767910223040"]
[EventDate "2009.03.26"]
[EventType "swiss"]
[EventRounds "5"]
[EventCountry "CAN"]
[SourceTitle "EXT 2011"]
[Source "ChessBase"]
[SourceDate "2011.11.26"]
[SourceVersion "1"]
[SourceVersionDate "2011.11.26"]
[SourceQuality "1"]

1. d4 d5 2. c4 e6 3. Nc3 Nf6 4. cxd5 exd5 5. Bg5 Be7 6. e3 Bf5 7. Qb3 Nbd7 8. Nf3 Nb6 9. a4 a5 10. Be2 O-O 11. O-O h6 12. Bf4 Nh5 13. Be5 Be6 14. Nb5 Bd6 15. Bxd6 cxd6 16. Rfc1 Nc4 17. Na3 Nb6 18. Rc3 Nf6 19. Rac1 Ne4 20. Rc7 Nc4 21. Rxb7 Rb8 22. Nxc4 dxc4 23. Bxc4 Rc8 24. Rc2 d5 25. Bd3 Rb8 26. Ne5 Rxb7 27. Qxb7 Qb8 28. Rc7 Qxb7 29. Rxb7 Rc8 30. Kf1 Rc1+ 31. Ke2 Kf8 32. Rb5 f6 33. Ng6+ Ke8 34. Nf4 Bc8 35. Nxd5 1-0

[Event "Montcalm VI 2008-09"]
[Site "Quebec CAN"]
[Date "2009.04.09"]
[Round "3"]
[White "Auger, Bertrand"]
[Black "Cournoyer, Dominic"]
[Result "1/2-1/2"]
[WhiteElo "1976"]
[BlackElo "1974"]
[PlyCount "129"]
[GameId "2160767910223041"]
[EventDate "2009.03.26"]
[EventType "swiss"]
[EventRounds "5"]
[EventCountry "CAN"]
[SourceTitle "EXT 2011"]
[Source "ChessBase"]
[SourceDate "2011.11.26"]
[SourceVersion "1"]
[SourceVersionDate "2011.11.26"]
[SourceQuality "1"]

1. Nf3 d5 2. g3 Nf6 3. Bg2 g6 4. b4 Bg7 5. Bb2 O-O 6. d3 Bf5 7. O-O Qc8 8. Re1 c6 9. Nbd2 Rd8 10. c4 Bh3 11. Bh1 Na6 12. Rb1 dxc4 13. Nxc4 Be6 14. Qc1 Nc7 15. Be5 Ncd5 16. Qb2 Nh5 17. Bxg7 Nxg7 18. Rbc1 Nb6 19. Ne3 a6 20. Nd4 Qd7 21. Nb3 Bxb3 22. Qxb3 Ne6 23. Nc4 Nxc4 24. Rxc4 Ng5 25. Bg2 Nh3+ 26. Bxh3 Qxh3 27. Rf4 e6 28. e4 Qh5 29. Qc3 e5 30. Rh4 Qf3 31. Re3 Qd1+ 32. Kg2 Rd4 33. Rf3 Rad8 34. Rf6 Kg7 35. Rf3 Qxf3+ 36. Kxf3 Rxd3+ 37. Qxd3 Rxd3+ 38. Ke2 Ra3 39. f4 Rxa2+ 40. Kd3 f6 41. Kc4 Rc2+ 42. Kd3 Rc1 43. fxe5 fxe5 44. g4 Rd1+ 45. Kc3 Rd4 46. g5 Rd1 47. Rg4 Rf1 48. Rg3 Rf2 49. Rd3 Rf7 50. Kc4 h6 51. h4 h5 52. Kc5 Kf8 53. Rd6 Ke7 54. Rxg6 Rf4 55. Rg7+ Ke6 56. Rg6+ Kf7 57. Rh6 Kg7 58. Rxh5 Rxe4 59. Rh6 Rg4 60. Kd6 Rxb4 61. h5 e4 62. Ke7 e3 63. Rg6+ Kh7 64. Rh6+ Kg7 65. Rg6+ 1/2-1/2

[Event "Montcalm VI 2008-09"]
[Site "Quebec CAN"]
[Date "2009.04.09"]
[Round "3"]
[White "Bourassa, Andre"]
[Black "Dube, Daniel"]
[Result "0-1"]
[WhiteElo "1767"]
[BlackElo "1720"]
[PlyCount "58"]
[GameId "2160767910223042"]
[EventDate "2009.03.26"]
[EventType "swiss"]
[EventRounds "5"]
[EventCountry "CAN"]

1. d4 f5 2. c4 Nf6 3. Nc3 e6 4. f3 d5 5. Be3 c6 6. Qb3 Nbd7 7. cxd5 exd5 8. Nh3 Nb6 9. Nf4 Bd6 10. Nd3 Nc4 11. Bf2 f4 12. O-O-O O-O 13. Re1 Re8 14. g3 Qe7 15. g4 h5 16. Bg2 b5 17. a4 Ba6 18. Nc5 Bxc5 19. dxc5 b4 20. Nd1 Qe5 21. e4 d4 22. Bf1 Qxc5 23. Qc2 Re5 24. Bxc4+ Bxc4 25. Kd2 b3 26. Qc1 Qb4+ 27. Nc3 dxc3+ 28. Qxc3 Rd8+ 29. Bd4 Rxd4+ 0-1

[Event "Montcalm VI 2008-09"]
[Site "Quebec CAN"]
[Date "2009.04.09"]
[Round "3"]
[White "Drolet, Stephane"]
[Black "Caron, Sebastien"]
[Result "1/2-1/2"]
[WhiteElo "2141"]
[BlackElo "1984"]
[PlyCount "62"]
[GameId "2160767910223043"]
[EventDate "2009.03.26"]
[EventType "swiss"]
[EventRounds "5"]
[EventCountry "CAN"]
[SourceTitle "EXT 2011"]
[Source "ChessBase"]
[SourceDate "2011.11.26"]
[SourceVersion "1"]
[SourceVersionDate "2011.11.26"]
[SourceQuality "1"]

1. d4 f5 2. Nc3 Nf6 3. Bg5 e6 4. e4 fxe4 5. Nxe4 Be7 6. Bxf6 Bxf6 7. Nf3 b6 8. Bd3 Ba6 9. Bxa6 Nxa6 10. c3 Qe7 11. Qd3 Nb8 12. O-O O-O 13. Rfe1 Qf7 14. Ng3 Nc6 15. Qc4 Rac8 16. a4 Ne7 17. Qd3 Nd5 18. Qe4 a5 19. Rf1 Rfe8 20. Rae1 g6 21. Qg4 Qg7 22. Re2 Rf8 23. c4 Ne7 24. b3 Nf5 25. Nxf5 gxf5 26. Qxg7+ Kxg7 27. Rfe1 Kf7 28. Rd1 Rfe8 29. Rd3 d6 30. Rde3 c6 31. Rd3 Re7 1/2-1/2

[Event "Montcalm VI 2008-09"]
[Site "Quebec CAN"]
[Date "2009.04.09"]
[Round "3"]
[White "Imbeault, David"]
[Black "Sauve, Richard"]
[Result "0-1"]
[WhiteElo "1612"]
[BlackElo "1941"]
[PlyCount "114"]
[GameId "2160767910223044"]
[EventDate "2009.03.26"]
[EventType "swiss"]
[EventRounds "5"]
[EventCountry "CAN"]
[SourceTitle "EXT 2011"]
[Source "ChessBase"]
[SourceDate "2011.11.26"]
[SourceVersion "1"]
[SourceVersionDate "2011.11.26"]
[SourceQuality "1"]

1. d4 d5 2. c4 e6 3. Nf3 c6 4. e3 Nf6 5. Nc3 Nbd7 6. Bd3 dxc4 7. Bxc4 b5 8. Bd3 a6 9. O-O Bb7 10. Qe2 Be7 11. Rd1 O-O 12. e4 c5 13. dxc5 Bxc5 14. Be3 Qb6 15. Bxc5 Nxc5 16. e5 Bxf3 17. Qxf3 Nfd7 18. Qh5 g6 19. Qg5 Qc7 20. f4 Nb6 21. b4 Rad8 22. Be4 Nxe4 23. Nxe4 Rxd1+ 24. Rxd1 Nd5 25. Nf6+ Nxf6 26. exf6 Kh8 27. Qe5 Qb7 28. Qc5 Kg8 29. Qe7 Qb6+ 30. Kf1 h5 31. Rd6 Qb8 32. g3 Qc8 33. Kg2 Qc2+ 34. Kf3 Rc8 35. Rd8+ Rxd8 36. Qxd8+ Kh7 37. Qd7 Qc3+ 38. Ke2 Qxf6 39. Qd2 Kg7 40. Ke3 e5 41. fxe5 Qxe5+ 42. Kf3 Qf5+ 43. Kg2 Qe4+ 44. Kf2 Kf6 45. Qd6+ Qe6 46. Qd8+ Ke5 47. Qg5+ Qf5+ 48. Qxf5+ Kxf5 49. Kf3 g5 50. Ke3 Ke5 51. h3 f5 52. a3 f4+ 53. gxf4+ gxf4+ 54. Kf3 Kf5 55. Kf2 Ke4 56. Ke2 f3+ 57. Kf2 Kf4 0-1

[Event "Montcalm VI 2008-09"]
[Site "Quebec CAN"]
[Date "2009.04.09"]
[Round "3"]
[White "Perron, Jonathan"]
[Black "Caire, Francois"]
[Result "0-1"]
[WhiteElo "1949"]
[BlackElo "2229"]
[PlyCount "62"]
[GameId "2160767910223045"]
[EventDate "2009.03.26"]
[EventType "swiss"]
[EventRounds "5"]
[EventCountry "CAN"]
[SourceTitle "EXT 2011"]
[Source "ChessBase"]
[SourceDate "2011.11.26"]
[SourceVersion "1"]
[SourceVersionDate "2011.11.26"]
[SourceQuality "1"]

1. e4 c5 2. Nf3 Nc6 3. Bb5 g6 4. O-O Bg7 5. c3 Nf6 6. Qa4 Qb6 7. Na3 O-O 8. d4 cxd4 9. cxd4 d5 10. exd5 Nxd5 11. Nc4 Qc7 12. Be3 Bd7 13. Rac1 a6 14. Bxc6 Bxc6 15. Qb3 f6 16. Bd2 e6 17. Rfe1 Qd7 18. Qa3 Rfe8 19. Nd6 Bf8 20. Bb4 Red8 21. Ne4 Bxb4 22. Nxf6+ Nxf6 23. Qxb4 Bxf3 24. gxf3 Rac8 25. Rcd1 Qd5 26. Qe7 Rf8 27. Re5 Qxf3 28. Qxe6+ Kh8 29. Rde1 Rce8 30. Qd6 Ne4 31. Rf1 Nxf2 0-1

[Event "Montcalm VI 2008-09"]
[Site "Quebec CAN"]
[Date "2009.04.16"]
[Round "4"]
[White "Bourassa, Andre"]
[Black "Imbeault, David"]
[Result "1-0"]
[WhiteElo "1767"]
[BlackElo "1563"]
[PlyCount "37"]
[GameId "2160767910223046"]
[EventDate "2009.03.26"]
[EventType "swiss"]
[EventRounds "5"]
[EventCountry "CAN"]

1. d4 d5 2. c4 c6 3. Nf3 Nf6 4. e3 Bf5 5. Nc3 Nbd7 6. cxd5 Nxd5 7. Nxd5 cxd5 8. Qb3 Nb6 9. Ne5 a6 10. Bd2 Nd7 11. Qxd5 Be6 12. Qxb7 Nxe5 13. dxe5 Rb8 14. Qxa6 Rxb2 15. Ba5 Qb8 16. Rd1 Bd7 17. Bc4 Qxe5 18. Qc8+ Bxc8 19. Rd8# 1-0

[Event "Montcalm VI 2008-09"]
[Site "Quebec CAN"]
[Date "2009.04.16"]
[Round "4"]
[White "Caire, Francois"]
[Black "Auger, Bertrand"]
[Result "1-0"]
[WhiteElo "2229"]
[BlackElo "1976"]
[PlyCount "59"]
[GameId "2160767910223047"]
[EventDate "2009.03.26"]
[EventType "swiss"]
[EventRounds "5"]
[EventCountry "CAN"]
[SourceTitle "EXT 2011"]
[Source "ChessBase"]
[SourceDate "2011.11.26"]
[SourceVersion "1"]
[SourceVersionDate "2011.11.26"]
[SourceQuality "1"]

1. d4 e6 2. Nf3 Nf6 3. c4 b6 4. g3 Bb7 5. Bg2 Be7 6. O-O O-O 7. Nc3 Ne4 8. Bd2 Nxd2 9. Qxd2 d6 10. d5 e5 11. e4 g6 12. Ne1 Nd7 13. f4 exf4 14. gxf4 Bf6 15. Nd3 Bd4+ 16. Kh1 Qh4 17. Nb5 Bf6 18. Nxc7 Rae8 19. Nxe8 Rxe8 20. Rae1 Qh6 21. Qb4 Bh4 22. Re3 g5 23. fxg5 Bxg5 24. Rh3 Qg6 25. Rg3 Kh8 26. Rf5 h6 27. h4 Qh5 28. Rh3 Rxe4 29. Bxe4 Qg4 30. Nf2 1-0

[Event "Montcalm VI 2008-09"]
[Site "Quebec CAN"]
[Date "2009.04.16"]
[Round "4"]
[White "Caron, Sebastien"]
[Black "Cournoyer, Dominic"]
[Result "1/2-1/2"]
[WhiteElo "1984"]
[BlackElo "1974"]
[PlyCount "132"]
[GameId "2160767910223048"]
[EventDate "2009.03.26"]
[EventType "swiss"]
[EventRounds "5"]
[EventCountry "CAN"]
[SourceTitle "EXT 2011"]
[Source "ChessBase"]
[SourceDate "2011.11.26"]
[SourceVersion "1"]
[SourceVersionDate "2011.11.26"]
[SourceQuality "1"]

1. d4 d5 2. Nf3 Nf6 3. Bf4 Nbd7 4. e3 Ne4 5. Nbd2 Ndf6 6. Ne5 c6 7. f3 Nxd2 8. Qxd2 e6 9. Bg3 Be7 10. Bd3 Bd7 11. O-O O-O 12. e4 dxe4 13. fxe4 c5 14. dxc5 Bxc5+ 15. Kh1 Bb5 16. Qe2 Bxd3 17. Nxd3 Qb6 18. Rf4 Be3 19. Rf3 Bg5 20. Bf4 Bxf4 21. Rxf4 Qc7 22. Raf1 Rac8 23. c3 Qa5 24. a3 Qh5 25. Qxh5 Nxh5 26. R4f2 Rcd8 27. Rf3 Nf6 28. Re1 Rd7 29. Kg1 Rfd8 30. Nc5 Rd2 31. e5 Nd7 32. Nxd7 R8xd7 33. Rf2 Kf8 34. Kf1 Rxf2+ 35. Kxf2 Rd2+ 36. Re2 Rxe2+ 37. Kxe2 f6 38. Ke3 Ke7 39. Kf4 Kd7 40. g4 Kc6 41. Ke4 Kc5 42. exf6 gxf6 43. b3 h6 44. c4 a5 45. Kd3 f5 46. h3 Kd6 47. b4 axb4 48. axb4 Ke5 49. Ke3 Kf6 50. gxf5 Kxf5 51. Kf3 Ke5 52. Ke3 Kf5 53. Kf3 Ke5 54. Ke3 h5 55. h4 Kf5 56. Kf3 Ke5 57. Ke3 b6 58. Kd3 Kd6 59. Kd4 Kc6 60. Ke5 Kd7 61. c5 bxc5 62. bxc5 Kc6 63. Kxe6 Kxc5 64. Kf5 Kd6 65. Kg5 Ke7 66. Kxh5 Kf8 1/2-1/2

[Event "Montcalm VI 2008-09"]
[Site "Quebec CAN"]
[Date "2009.04.16"]
[Round "4"]
[White "Drolet, Stephane"]
[Black "Perron, Jonathan"]
[Result "1/2-1/2"]
[WhiteElo "2141"]
[BlackElo "1949"]
[PlyCount "63"]
[GameId "2160767910223049"]
[EventDate "2009.03.26"]
[EventType "swiss"]
[EventRounds "5"]
[EventCountry "CAN"]
[SourceTitle "EXT 2011"]
[Source "ChessBase"]
[SourceDate "2011.11.26"]
[SourceVersion "1"]
[SourceVersionDate "2011.11.26"]
[SourceQuality "1"]

1. d4 Nf6 2. Nf3 e6 3. e3 c5 4. Bd3 b6 5. Nbd2 Be7 6. O-O Bb7 7. Qe2 O-O 8. c3 Nc6 9. a3 d5 10. b4 Nd7 11. b5 Na5 12. e4 cxd4 13. cxd4 dxe4 14. Nxe4 Nb3 15. Ra2 Nxc1 16. Rxc1 Nf6 17. Nxf6+ Bxf6 18. Be4 Bd5 19. Rac2 Qd6 20. Bxd5 Qxd5 21. Qc4 Rad8 22. a4 Bxd4 23. Qxd5 Rxd5 24. Rc7 Rfd8 25. Rxa7 Bc5 26. g3 g6 27. Rc2 Kg7 28. Re2 Kf6 29. h4 h6 30. g4 g5 31. hxg5+ hxg5 32. Rc2 1/2-1/2

[Event "Montcalm VI 2008-09"]
[Site "Quebec CAN"]
[Date "2009.04.16"]
[Round "4"]
[White "Sauve, Richard"]
[Black "Lemelin, Marc"]
[Result "1-0"]
[WhiteElo "1941"]
[BlackElo "1669"]
[PlyCount "47"]
[GameId "2160767910223050"]
[EventDate "2009.03.26"]
[EventType "swiss"]
[EventRounds "5"]
[EventCountry "CAN"]
[SourceTitle "EXT 2011"]
[Source "ChessBase"]
[SourceDate "2011.11.26"]
[SourceVersion "1"]
[SourceVersionDate "2011.11.26"]
[SourceQuality "1"]

1. d4 d5 2. c4 dxc4 3. Nf3 a6 4. e3 Nf6 5. a4 c5 6. Bxc4 e6 7. O-O Nc6 8. Qe2 Qc7 9. Nc3 Na5 10. Ba2 Bd7 11. Bd2 c4 12. Ne5 Bd6 13. f4 Bxe5 14. fxe5 Nd5 15. Ne4 O-O 16. Bxa5 Qxa5 17. Bxc4 Qb4 18. Bd3 Bxa4 19. Qh5 f5 20. exf6 Be8 21. Qg4 g6 22. Qxe6+ Bf7 23. Qh3 Rae8 24. Qh6 1-0

[Event "Montcalm VI 2008-09"]
[Site "Quebec CAN"]
[Date "2009.04.23"]
[Round "5"]
[White "Auger, Bertrand"]
[Black "Drolet, Stephane"]
[Result "0-1"]
[WhiteElo "1976"]
[BlackElo "2141"]
[PlyCount "104"]
[GameId "2160767910223051"]
[EventDate "2009.03.26"]
[EventType "swiss"]
[EventRounds "5"]
[EventCountry "CAN"]
[SourceTitle "EXT 2011"]
[Source "ChessBase"]
[SourceDate "2011.11.26"]
[SourceVersion "1"]
[SourceVersionDate "2011.11.26"]
[SourceQuality "1"]

1. Nf3 Nc6 2. c4 e5 3. Nc3 Nf6 4. g3 Bb4 5. Bg2 Bxc3 6. bxc3 O-O 7. O-O d6 8. d4 Qe7 9. d5 Nb8 10. Qc2 Na6 11. e4 Nc5 12. Nd2 Bd7 13. a4 a5 14. Ba3 Nxa4 15. Nb3 b6 16. f4 Ng4 17. Rae1 f6 18. Bc1 Nh6 19. f5 Nc5 20. Nxc5 dxc5 21. Bxh6 gxh6 22. Qc1 Qg7 23. Bf3 Qg5 24. Qb2 Rfb8 25. Qa2 Kh8 26. Bd1 a4 27. Qa3 h5 28. Rf2 h4 29. Rg2 Rg8 30. g4 h5 31. Kh1 hxg4 32. Rxg4 Qxg4 33. Bxg4 Rxg4 34. h3 Rg3 35. Qc1 Kh7 36. Qd1 Be8 37. d6 Rd8 38. dxc7 Rxd1 39. Rxd1 Bc6 40. Kh2 Bb7 41. Rd8 Rg7 42. c8=Q Bxc8 43. Rxc8 Ra7 44. Rd8 a3 45. Rd1 a2 46. Ra1 Kh6 47. Kg2 Kg5 48. Kf3 Ra3 49. Rg1+ Kh5 50. Ra1 Rxc3+ 51. Kg2 Ra3 52. Kh2 Kg5 0-1

[Event "Montcalm VI 2008-09"]
[Site "Quebec CAN"]
[Date "2009.04.23"]
[Round "5"]
[White "Cournoyer, Dominic"]
[Black "Caire, Francois"]
[Result "0-1"]
[WhiteElo "1974"]
[BlackElo "2229"]
[PlyCount "52"]
[GameId "2160767910223052"]
[EventDate "2009.03.26"]
[EventType "swiss"]
[EventRounds "5"]
[EventCountry "CAN"]
[SourceTitle "EXT 2011"]
[Source "ChessBase"]
[SourceDate "2011.11.26"]
[SourceVersion "1"]
[SourceVersionDate "2011.11.26"]
[SourceQuality "1"]

1. d4 Nf6 2. Bf4 d5 3. e3 c5 4. c3 Nc6 5. Bd3 Qb6 6. Qb3 c4 7. Qxb6 axb6 8. Bc2 b5 9. Nd2 e6 10. Ngf3 b4 11. Ke2 Be7 12. cxb4 Nxb4 13. Bb1 Nd7 14. a3 Nc6 15. Bc2 b5 16. h3 O-O 17. g4 Bb7 18. Rhc1 b4 19. axb4 Nxb4 20. Rxa8 Rxa8 21. b3 c3 22. Nb1 Ra1 23. Bd3 Ra2+ 24. Nbd2 Nxd3 25. Kxd3 cxd2 26. Nxd2 Bb4 0-1

[Event "Montcalm VI 2008-09"]
[Site "Quebec CAN"]
[Date "2009.04.23"]
[Round "5"]
[White "Cummins, Paul"]
[Black "Sauve, Richard"]
[Result "1/2-1/2"]
[WhiteElo "1646"]
[BlackElo "1941"]
[PlyCount "109"]
[GameId "2160767910223053"]
[EventDate "2009.03.26"]
[EventType "swiss"]
[EventRounds "5"]
[EventCountry "CAN"]
[SourceTitle "EXT 2011"]
[Source "ChessBase"]
[SourceDate "2011.11.26"]
[SourceVersion "1"]
[SourceVersionDate "2011.11.26"]
[SourceQuality "1"]

1. d4 d5 2. Bf4 Nf6 3. Nf3 c5 4. c3 Qb6 5. Qc1 Nc6 6. dxc5 Qxc5 7. Be3 Qa5 8. g3 Bf5 9. Nbd2 e6 10. Nb3 Qc7 11. Bg2 Be7 12. O-O O-O 13. Nh4 Be4 14. f3 Bg6 15. Nxg6 hxg6 16. Qc2 Rfc8 17. Bh3 a5 18. a3 Bd6 19. Kg2 Ne5 20. Bf2 Nc4 21. Nd4 Qd7 22. a4 Bc5 23. e3 Ra6 24. b3 Nd6 25. Qd3 Rb6 26. Rab1 Nf5 27. Rfd1 Nxd4 28. exd4 Be7 29. Be1 Qd6 30. Kh1 Qa3 31. Qc2 Qd6 32. Bf1 Ne8 33. Bb5 Nc7 34. Bd3 Na6 35. Qe2 Bf6 36. f4 Rbc6 37. Bb5 R6c7 38. Qd3 Nb8 39. Bd2 Nc6 40. Qf3 b6 41. Ba6 Rd8 42. g4 Nb8 43. Bb5 Rdc8 44. g5 Be7 45. Rg1 Qa3 46. Rg4 Qa2 47. Qd1 Nc6 48. Ra1 Qb2 49. Rb1 Qa3 50. Rh4 Qa2 51. Bd3 Bd6 52. Rc1 Ne7 53. Ra1 Qb2 54. Rb1 Qa2 55. Ra1 1/2-1/2